| 000 | 01244nam a2200229Ia 4500 | ||
|---|---|---|---|
| 001 | L200-53474 | ||
| 003 | IT-CnALBA | ||
| 008 | 170116s9999||||xx |||||||||||||| ||und|| | ||
| 040 |
_aIT-CnALBA _cIT-CnALBA |
||
| 041 | _aITALIANO | ||
| 100 | _aCALABUIG IGNAZIO | ||
| 245 | 0 | _aMARIA ICONA VIVA DELLA CHIESA FUTURA. ATTI CONVEGNO STUDI MARIANI. | |
| 250 | _a1a ed. | ||
| 260 |
_a BRESCIA ROMA _bMONFORTANE EDIZIONI _c1998 [1° Ed.:1998 - Ed.Ling.Originale: 1998] |
||
| 300 | _a336 p. | ||
| 500 | _aCERVELLO C. GASPARI S. SEMERARO M. VALENTINI A. IL FUTURO CATEGORIA DEL PRESENTE ECCLESIALE. REALIZZATO IN MARIA GLORIFICATA. GRANDE SEGNO APOCALISSE 12. CHIESA AD IMMAGINE DELLA MADRE DI GESÙ. ASSUNTA, RILIEVI ESCATOLOGIA PADRI. ICONA ESCATOLOGICA DELLA | ||
| 501 | _aSocietà San Paolo EM - Piazza San Paolo, 14 - 12051 ALBA (CN) (non commercial uses only) ® Copyright 2017 | ||
| 520 | _aCERVELLO C. GASPARI S. SEMERARO M. VALENTINI A. IL FUTURO CATEGORIA DEL PRESENTE ECCLESIALE. REALIZZATO IN MARIA GLORIFICATA. GRANDE SEGNO APOCALISSE 12. CHIESA AD IMMAGINE DELLA MADRE DI GESÙ. ASSUNTA, RILIEVI ESCATOLOGIA PADRI. ICONA ESCATOLOGICA DELLA | ||
| 650 | _aRELIGIONE - RELIGIONE CRISTIANA | ||
| 942 | _cBK | ||
| 957 | _71 | ||
| 999 |
_a70964 _bNO _g Copie: 1 _c312353 _d312353 |
||